Missing Word: Directed by Martin Quiz Stats

 Plays Quiz Updated Aug 19, 2018

Score 0/22 Timer 03:00
1 Play Today
Director Missing word % Correct
Martin ScorseseBull
96%
Martin CampbellCasino
95%
Martin ScorseseWolf
94.9%
Martin BrestCop
94%
Martin RosenDown
92%
Martin ScorseseTaxi
91.5%
Martin BrestScent
91.4%
Martin CampbellGreen
89.8%
Martin BrestBlack
89%
Martin CampbellZorro
85.6%
Martin DavidsonHeart
83.2%
Director Missing word % Correct
Martin RittRae
71.6%
Martin RittLong
71%
Martin ScorseseAlice
70.9%
Martin RittHope
66%
Martin McDonaghBruges
51.4%
Martin BrestRun
46%
Martin RittIris
35.7%
Martin McDonaghPsychopaths
24.5%
Martin CampbellEdge
22.1%
Martin RosenDogs
11.1%
Martin WoodGoodnight
4%

Today's Daily Dose

Missing Word
Sherlocks

Word Ladder
King of the Hill

Quick Pick
Songs in Pink

Get the Picture
NBA Teammates

You're not logged in!

Compare scores with friends on all Sporcle quizzes.
OR
Log In

Sporcle TV

Today on Sporcle TV


Watch our educational content, quiz creation guides, and fun videos on Sporcle TV.

Show Comments

Extras

Top Quizzes Today


Score Distribution

Your Account Isn't Verified!

In order to create a playlist on Sporcle, you need to verify the email address you used during registration. Go to your Sporcle Settings to finish the process.

Report this User

Report this user for behavior that violates our Community Guidelines.

Details: